Statistics for Lana Del Rey - ​hope is a dangerous thing for a woman like me to have

Click here to take the quiz!

General Stats

  • This quiz has been taken 56 times
  • The average score is 371 of 418

Answer Stats

Answer% Correct
A
100%
a
100%
But
100%
dangerous
100%
for
100%
have
100%
Hope
100%
hope
100%
I
100%
is
100%
Is
100%
Like
100%
like
100%
me
100%
thing
100%
to
100%
woman
100%
around
97%
can
97%
fucking
97%
if
97%
I'm
97%
in
97%
I've
97%
my
97%
No
97%
no
97%
not
97%
on
97%
sad
97%
say
97%
that
97%
the
97%
and
94%
been
94%
best
94%
don't
94%
Don't
94%
happy
94%
it
94%
know
94%
nightgown
94%
was
94%
you
94%
'cause
91%
'Cause
91%
Got
91%
got
91%
of
91%
thinking
91%
All
88%
ask
88%
"Hi
88%
known
88%
less
88%
most
88%
Plath
88%
reading
88%
Sylvia
88%
tearing
88%
this
88%
white
88%
24/7
85%
at
85%
back
85%
blood
85%
call
85%
famous
85%
get
85%
I'd
85%
ink
85%
iPad
85%
Maybe
85%
pen
85%
these
85%
walls
85%
when
85%
Writing
85%
yeah
85%
Yeah
85%
dresses
82%
God
82%
gown
82%
it's
82%
only
82%
Smiling
82%
So
82%
They
82%
they
82%
baby
79%
black
79%
Dad"
79%
ever
79%
love
79%
off
79%
pink
79%
sociopath
79%
tested
79%
thought
79%
up
79%
work
79%
also
76%
ass
76%
care
76%
could
76%
goddamn
76%
had
76%
home
76%
just
76%
more
76%
never
76%
Shaking
76%
which
76%
from
74%
Hello
74%
stressed
74%
town
74%
wanna
74%
with
74%
basement
71%
beyond
71%
Calling
71%
cared
71%
Church
71%
coffee
71%
couldn't
71%
debutantes
71%
Except
71%
grave
71%
look
71%
narcissist
71%
notepad
71%
romances
71%
see
71%
stage
71%
Aarons
68%
dances
68%
good
68%
heels
68%
high
68%
miles
68%
Slim
68%
write
68%
year
68%
15
65%
about
65%
day
65%
Monsters
65%
near
65%
pad
65%
pot
65%
There's
65%
there's
65%
weak
65%
yachts
65%
your
65%
bed
62%
constitution
62%
fight
62%
modern
62%
new
62%
nights
62%
revolution
62%
Servin'
62%
still
62%
under
62%
burnt
59%
She
59%
that's
59%
Bowery
56%
evolution
56%
gatekeeper
56%
guts
56%
loud
56%
quiet
56%
Spilling
56%
Bums
53%
collusion
53%
mostly
53%
saw
53%
triad
53%
Born
50%
confusion
50%
dropping
50%
keys
50%
carelessly
47%
cried
47%

Score Distribution

Percentile by Number Answered

Percent of People with Each Score

Your Score History

You have not taken this quiz